Paris Sights - Statistics

General Stats
  • This quiz has been taken 215 times
  • The average score is 8 of 11
Answer Stats
Answer % Correct
Louvre
95%
Eiffel Tower
93%
Notre-Dame de Paris
92%
Arc de Triomphe
82%
Versailles
75%
Sacre-Coeur
67%
Panthéon
66%
Champs-Elysées
63%
Place de la Concorde
45%
Luxembourg Garden
44%
Musee d'Orsay
44%
No matching quizzes found
Score Distribution
Percent of People with Each Score
Percentile by Number Answered
Your Score History
You have not taken this quiz